[Event "Pan American-ch U1700"]
[Site "Timbo"]
[Date "2021.12.04"]
[Round "7"]
[White "Martinez, Flores Matias"]
[Black "Goncalves, Yuri Nikollas"]
[Result "1/2-1/2"]
[WhiteElo "1516"]
[BlackElo "1355"]
[PlyCount "48"]
[EventDate "2021.12.01"]
[EventType "swiss"]
[EventRounds "9"]
[EventCountry "BRA"]
[SourceTitle "CBM 205 Extra"]
[Source "ChessBase"]
[SourceDate "2022.01.31"]
[SourceVersion "1"]
[SourceVersionDate "2022.01.31"]
[SourceQuality "1"]

1. e4 c5 2. Nf3 e6 3. Nc3 a6 4. d4 cxd4 5. Nxd4 d6 6. Be3 Nf6 7. f3 Be7 8. Qd2 0-0 9. g4 b5 10. a3 Qc7 11. 0-0-0 Bb7 12. h4 Nbd7 13. h5 Ne5 14. g5 Nfd7 15. Kb1 Rac8 16. Qg2 Nb6 17. f4 Nbc4 18. Bxc4 Nxc4 19. Bc1 Nxa3+ 20. bxa3 Qxc3 21. Bb2 Qc4 22. g6 h6 23. gxf7+ Rxf7 24. Rdg1 Bf6 1/2-1/2